| 000 | 00773nam a2200229 a 4500 | ||
|---|---|---|---|
| 008 | 951212s1976||||[C 0 slo c | ||
| 020 |
_c25 Kčs. _q(8000 výtl.) |
||
| 040 |
_aSNK _bslo _cSNK _eAACR2 |
||
| 041 | 1 |
_aslo _hslo |
|
| 044 |
_axo _cSK |
||
| 080 | _a75(437)"18"(084.1) | ||
| 100 | 1 |
_aVACULÍK, Karol _4aut |
|
| 245 | 1 | 0 |
_aFarby domova _bZo slovenského výtvarného umenia 1 _cKarol VACULÍK ; Karol Vaculík, Dagmar Dolinská |
| 250 | _a1., vyd. | ||
| 260 |
_aBratislava _bTatran _c1976 _eMartin _fTlačiarne SNP |
||
| 300 |
_a6 s., 6,09 AH _bPríl. 16. listov fareb. reprod. diel. _c40 cm |
||
| 490 | 0 | _aHviezdoslavova knižnica. Zv. 238. | |
| 500 | _aZozn. reprod. diel. | ||
| 700 | 1 |
_aVaculík, Karol _4aut |
|
| 700 | 1 |
_aDolinská, Dagmar _4bkd |
|
| 958 | _aA | ||
| 999 |
_c15036 _d15036 |
||